[Event "Marienbad Open-A2 2019"]
[Site "Marianske Lazne"]
[Date "2019.01.20"]
[Round "2"]
[White "Kulkarni Bhakti"]
[Black "Liu, Guanchu"]
[Result "1-0"]
[WhiteElo "2303"]
[BlackElo "2425"]
[Annotator "RC"]
[PlyCount "65"]
[EventDate "2019.01.17"]
[EventType "tourn"]
[EventCountry "CZE"]
[SourceTitle "playchess.com"]
[Source "ChessBase"]
[SourceQuality "1"]
[TimeControl "40/5400+30:1800+30"]

1. d4 {[%emt 0:03:46]} Nf6 {[%emt 0:00:36]} 2. c4 {[%emt 0:00:19]} e6 {[%emt 0:00:19]} 3. Nc3 {[%emt 0:00:38]} Bb4 {[%emt 0:00:10]} 4. e3 {[%emt 0:00:31]} b6 {[%emt 0:00:21]} 5. f3 {[%emt 0:00:31]} Ba6 {[%emt 0:03:17]} 6. Bd3 {[%emt 0:03:09]} c5 {[%emt 0:05:10]} 7. Nge2 {[%emt 0:01:52]} Nc6 {[%emt 0:01:10]} 8. O-O {[%emt 0:01:31]} Bxc3 {[%emt 0:00:53]} 9. bxc3 {[%emt 0:03:22]} Na5 {[%emt 0:04:26]} 10. e4 {[%emt 0:08:06]} Bxc4 {[%emt 0:01:15]} 11. Bxc4 {[%emt 0:04:55]} Nxc4 {[%emt 0:00:05]} 12. Qa4 {[%emt 0:01:41]} Na5 {[%emt 0:00:41]} 13. e5 {[%emt 0:12:28]} Nd5 {[%emt 0:02:19]} 14. c4 {[%emt 0:01:55]} Ne7 {[%emt 0:00:24]} 15. dxc5 {[%emt 0:04:20]} Nac6 {[%emt 0:11:05]} 16. Ng3 {[%emt 0:06:01]} Nxe5 {[%emt 0:06:28]} 17. Bb2 {[%emt 0:00:57]} f6 {[%emt 0:01:28]} 18. Rad1 {[%emt 0:01:59]} N5c6 {[%emt 0:01:23]} 19. Rf2 {[%emt 0:04:00]} O-O {[%emt 0:04:48]} 20. Rfd2 {[%emt 0:03:43]} bxc5 {[%emt 0:00:10]} 21. Rxd7 {[%emt 0:01:19]} Qb6 {[%emt 0:00:09]} 22. Ba3 {[%emt 0:03:28]} Rad8 {[%emt 0:16:08]} 23. Ne4 {[%emt 0:08:09]} Rxd7 {[%emt 0:07:19]} 24. Rxd7 {[%emt 0:00:03]} Rd8 {[%emt 0:00:18]} 25. Rxd8+ {[%emt 0:00:37]} Qxd8 {[%emt 0:00:05]} 26. Bxc5 {[%emt 0:00:13]} h6 {[%emt 0:00:04]} 27. Nd6 {[%emt 0:01:49]} Qc7 {[%emt 0:01:04]} 28. Qa3 {[%emt 0:01:29]} Ng6 {[%emt 0:03:28]} 29. Qe3 {[%emt 0:00:49]} Nce5 {[%emt 0:01:16]} 30. Nb5 {[%emt 0:02:18]} Qa5 {[%emt 0:00:22]} 31. a3 {[%emt 0:03:18]} Nxc4 {[%emt 0:01:39]} 32. Qxe6+ {[%emt 0:00:16]} Kh7 {[%emt 0:00:03]} 33. Qxc4 {[%emt 0:00:15]} 1-0

[Event "Marienbad Open-A2 2019"]
[Site "Marianske Lazne"]
[Date "2019.01.21"]
[Round "3"]
[White "Kovalev, Andrei"]
[Black "Swicarz, Maciej"]
[Result "1-0"]
[WhiteElo "2520"]
[BlackElo "2331"]
[Annotator "ChessBase"]
[PlyCount "45"]
[EventDate "2019.01.17"]
[EventType "tourn"]
[EventCountry "CZE"]
[SourceTitle "playchess.com"]
[Source "ChessBase"]
[SourceQuality "1"]
[TimeControl "40/5400+30:1800+30"]

1. e4 {[%emt 0:00:00]} c5 {[%emt 0:00:00]} 2. Nf3 {[%emt 0:00:04]} d6 {[%emt 0:00:00]} 3. Bb5+ {[%emt 0:00:08]} Nd7 {[%emt 0:00:00]} 4. d4 {[%emt 0:00:07]} cxd4 {[%emt 0:00:02]} 5. Qxd4 {[%emt 0:00:04]} a6 {[%emt 0:00:20]} 6. Bxd7+ {[%emt 0:00:06]} Bxd7 {[%emt 0:00:11]} 7. Bg5 {[%emt 0:00:06]} Qa5+ {[%emt 0:08:08]} 8. Nc3 {[%emt 0:01:00]} Bg4 {[%emt 0:03:22]} 9. b4 {[%emt 0:05:48]} Qd8 {[%emt 0:11:48]} 10. Nd5 {[%emt 0:00:13]} f6 {[%emt 0:05:26]} 11. Be3 {[%emt 0:00:57]} g6 {[%emt 0:08:41]} 12. Qd3 {[%emt 0:05:48]} Kf7 {[%emt 0:05:36]} 13. Bb6 {[%emt 0:02:27]} Qd7 {[%emt 0:01:16]} 14. Nd4 {[%emt 0:00:25]} e5 {[%emt 0:16:37]} 15. f3 {[%emt 0:00:53]} exd4 {[%emt 0:00:50]} 16. fxg4 {[%emt 0:00:08]} Re8 {[%emt 0:08:42]} 17. O-O {[%emt 0:01:28]} Qxg4 {[%emt 0:03:13]} 18. Rf4 {[%emt 0:01:40]} Qc8 {[%emt 0:03:41]} 19. Bxd4 {[%emt 0:03:12]} Bg7 {[%emt 0:01:34]} 20. Raf1 {[%emt 0:00:15]} Re6 {[%emt 0:01:13]} 21. Qb3 {[%emt 0:01:57]} Qd8 {[%emt 0:05:44]} 22. R4f3 {[%emt 0:02:07]} g5 {[%emt 0:01:15]} 23. Rc3 {[%emt 0:00:38]} 1-0

[Event "Marienbad Open-A2 2019"]
[Site "Marianske Lazne"]
[Date "2019.01.21"]
[Round "3"]
[White "Simacek, Pavel"]
[Black "Swayams, Mishra"]
[Result "1/2-1/2"]
[WhiteElo "2481"]
[BlackElo "2432"]
[Annotator "RC"]
[PlyCount "190"]
[EventDate "2019.01.17"]
[EventType "tourn"]
[EventCountry "CZE"]
[SourceTitle "playchess.com"]
[Source "ChessBase"]
[SourceQuality "1"]
[TimeControl "40/5400+30:1800+30"]

1. Nf3 {[%emt 0:00:00]} Nf6 {[%emt 0:03:13]} 2. b3 {[%emt 0:00:00]} b6 {[%emt 0:03:13]} 3. Bb2 {[%emt 0:00:04]} Bb7 {[%emt 0:00:01]} 4. g3 {[%emt 0:00:09]} g6 {[%emt 0:00:54]} 5. Bg2 {[%emt 0:00:22]} Bg7 {[%emt 0:00:07]} 6. c4 {[%emt 0:03:10]} O-O {[%emt 0:02:34]} 7. O-O {[%emt 0:00:22]} c5 {[%emt 0:03:46]} 8. d4 {[%emt 0:04:59]} cxd4 {[%emt 0:01:47]} 9. Qxd4 {[%emt 0:09:26]} d6 {[%emt 0:00:19]} 10. Qh4 {[%emt 0:03:53]} Nbd7 {[%emt 0:03:05]} 11. Nbd2 {[%emt 0:00:16]} h6 {[%emt 0:02:33]} 12. Qh3 {[%emt 0:14:51]} Nc5 {[%emt 0:10:04]} 13. Bxf6 {[%emt 0:02:30]} exf6 {[%emt 0:00:06]} 14. Rad1 {[%emt 0:03:30]} Qe7 {[%emt 0:02:02]} 15. Nd4 {[%emt 0:03:35]} f5 {[%emt 0:01:54]} 16. Bxb7 {[%emt 0:00:25]} Qxb7 {[%emt 0:00:02]} 17. e3 {[%emt 0:00:26]} Rad8 {[%emt 0:04:28]} 18. Qg2 {[%emt 0:05:47]} d5 {[%emt 0:00:56]} 19. h4 {[%emt 0:08:02]} h5 {[%emt 0:02:47]} 20. Nc2 {[%emt 0:05:36]} Rd7 {[%emt 0:11:12]} 21. cxd5 {[%emt 0:03:27]} Qxd5 {[%emt 0:02:25]} 22. Qxd5 {[%emt 0:00:34]} Rxd5 {[%emt 0:00:02]} 23. Nb4 {[%emt 0:00:20]} Rd7 {[%emt 0:01:18]} 24. Nf3 {[%emt 0:00:15]} Rfd8 {[%emt 0:00:42]} 25. Rxd7 {[%emt 0:02:55]} Rxd7 {[%emt 0:00:02]} 26. Rc1 {[%emt 0:00:10]} Rd6 {[%emt 0:02:44]} 27. Kf1 {[%emt 0:00:07]} Bb2 {[%emt 0:01:14]} 28. Rb1 {[%emt 0:01:06]} Bf6 {[%emt 0:00:46]} 29. Rc1 {[%emt 0:04:48]} Bb2 {[%emt 0:03:10]} 30. Rb1 {[%emt 0:00:05]} Bc3 {[%emt 0:05:44]} 31. Nc2 {[%emt 0:00:13]} Ne4 {[%emt 0:04:50]} 32. Ncd4 {[%emt 0:10:15]} Bxd4 {[%emt 0:09:29]} 33. exd4 {[%emt 0:00:06]} Rc6 {[%emt 0:00:26]} 34. Rb2 {[%emt 0:00:03]} Rc1+ {[%emt 0:00:52]} 35. Ke2 {[%emt 0:00:09]} Kf8 {[%emt 0:00:17]} 36. Ne5 {[%emt 0:07:54]} Ke7 {[%emt 0:01:42]} 37. Nd3 {[%emt 0:00:46]} Rc7 {[%emt 0:01:53]} 38. Ke3 {[%emt 0:02:31]} Kd6 {[%emt 0:00:19]} 39. Nf4 {[%emt 0:02:08]} Rc3+ {[%emt 0:03:46]} 40. Ke2 {[%emt 0:00:04]} Rc1 {[%emt 0:00:15]} 41. Nd3 {[%emt 0:31:07]} Rc7 {[%emt 0:38:19]} 42. Nf4 {[%emt 0:00:00]} b5 {[%emt 0:00:00]} 43. f3 {[%emt 0:00:00]} Nc3+ {[%emt 0:00:00]} 44. Kd3 {[%emt 0:00:00]} b4 {[%emt 0:00:00]} 45. Rc2 {[%emt 0:00:00]} Re7 {[%emt 0:00:00]} 46. a3 {[%emt 0:00:00]} a5 {[%emt 0:00:00]} 47. Rc1 {[%emt 0:00:00]} Rc7 {[%emt 0:00:00]} 48. axb4 {[%emt 0:00:00]} axb4 {[%emt 0:00:00]} 49. Ra1 {[%emt 0:00:00]} Rc6 {[%emt 0:00:00]} 50. Ra5 {[%emt 0:00:00]} Nb1 {[%emt 0:02:24]} 51. Ne2 {[%emt 0:04:48]} Nc3 {[%emt 0:00:07]} 52. Nf4 {[%emt 0:00:10]} Nb1 {[%emt 0:00:01]} 53. Rd5+ {[%emt 0:03:44]} Kc7 {[%emt 0:00:07]} 54. Rc5 {[%emt 0:00:02]} Rxc5 {[%emt 0:00:06]} 55. dxc5 {[%emt 0:00:03]} Kc6 {[%emt 0:00:05]} 56. Ke3 {[%emt 0:00:03]} Na3 {[%emt 0:06:23]} 57. Kd4 {[%emt 0:00:22]} Nc2+ {[%emt 0:00:02]} 58. Kc4 {[%emt 0:00:56]} Ne1 {[%emt 0:00:55]} 59. Nd5 {[%emt 0:00:14]} Nxf3 {[%emt 0:00:04]} 60. Nxb4+ {[%emt 0:00:03]} Kb7 {[%emt 0:00:41]} 61. Kd5 {[%emt 0:02:56]} Nd2 {[%emt 0:00:24]} 62. Nd3 {[%emt 0:00:20]} Nxb3 {[%emt 0:00:13]} 63. Ne5 {[%emt 0:00:03]} Nd2 {[%emt 0:00:39]} 64. Nxf7 {[%emt 0:00:14]} Kc7 {[%emt 0:00:20]} 65. Ne5 {[%emt 0:00:56]} Ne4 {[%emt 0:00:35]} 66. Nxg6 {[%emt 0:00:05]} Nxg3 {[%emt 0:01:02]} 67. Nf4 {[%emt 0:00:03]} Nf1 {[%emt 0:00:30]} 68. Ne6+ {[%emt 0:00:35]} Kc8 {[%emt 0:00:05]} 69. Ke5 {[%emt 0:00:11]} Kd7 {[%emt 0:03:26]} 70. Nd4 {[%emt 0:01:16]} Ne3 {[%emt 0:00:40]} 71. Nxf5 {[%emt 0:00:33]} Ng2 {[%emt 0:00:27]} 72. Kd5 {[%emt 0:00:12]} Nf4+ {[%emt 0:00:31]} 73. Kc4 {[%emt 0:00:45]} Kc7 {[%emt 0:00:38]} 74. Nd4 {[%emt 0:00:33]} Ng6 {[%emt 0:00:30]} 75. Nf3 {[%emt 0:00:10]} Kc6 {[%emt 0:00:20]} 76. Kd4 {[%emt 0:00:06]} Nf4 {[%emt 0:00:14]} 77. Ne5+ {[%emt 0:00:31]} Kc7 {[%emt 0:00:04]} 78. Kc4 {[%emt 0:01:10]} Ng2 {[%emt 0:00:13]} 79. Ng6 {[%emt 0:00:05]} Ne3+ {[%emt 0:00:15]} 80. Kd4 {[%emt 0:01:35]} Ng2 {[%emt 0:00:02]} 81. Kd5 {[%emt 0:00:13]} Ne3+ {[%emt 0:00:30]} 82. Ke4 {[%emt 0:00:04]} Ng2 {[%emt 0:00:20]} 83. Ke5 {[%emt 0:00:27]} Kc6 {[%emt 0:00:20]} 84. Kd4 {[%emt 0:00:03]} Kc7 {[%emt 0:00:16]} 85. Kc3 {[%emt 0:00:29]} Ne3 {[%emt 0:01:54]} 86. Ne5 {[%emt 0:00:19]} Nf5 {[%emt 0:00:20]} 87. Nf3 {[%emt 0:00:05]} Ne7 {[%emt 0:01:10]} 88. Nd4 {[%emt 0:01:32]} Ng6 {[%emt 0:00:25]} 89. Nf5 {[%emt 0:00:05]} Nf4 {[%emt 0:00:43]} 90. Kc4 {[%emt 0:00:22]} Ng6 {[%emt 0:00:36]} 91. Kb5 {[%emt 0:00:08]} Ne5 {[%emt 0:00:46]} 92. Ne7 {[%emt 0:00:08]} Kd7 {[%emt 0:00:41]} 93. Nf5 {[%emt 0:01:29]} Kc7 {[%emt 0:00:26]} 94. Nd4 {[%emt 0:00:09]} Ng6 {[%emt 0:00:15]} 95. Nf5 {[%emt 0:00:35]} Ne5 1/2-1/2

[Event "Marienbad Open-A2 2019"]
[Site "Marianske Lazne"]
[Date "2019.01.21"]
[Round "3"]
[White "Liu, Guanchu"]
[Black "Vokac, Marek"]
[Result "1-0"]
[WhiteElo "2425"]
[BlackElo "2380"]
[Annotator "TA"]
[PlyCount "120"]
[EventDate "2019.01.17"]
[EventType "tourn"]
[EventCountry "CZE"]
[SourceTitle "playchess.com"]
[Source "ChessBase"]
[SourceQuality "1"]

{[%evp 16,120,-20,-20,-6,-9,-17,-20,0,-35,0,0,4,0,40,40,40,40,47,40,39,29,30,27,23,23,22,15,61,0,5,0,0,0,0,0,0,0,18,0,0,-14,49,0,16,0,10,0,0,0,0,-3,0,-92,-87,-93,-96,-89,-77,-63,-58,-65,-57,-82,57,58,59,57,57,50,39,33,54,38,38,0,0,0,30,41,534,36,534,534,842,837,803,778,763,763,1256,1241,1166,1223,1104,1054,29968,29973,29969,29974,29973,29974,29961,29962,29986,29987,29990]} 1. e4 c5 2. Nc3 d6 ({Predecessor:} 2... Nc6 3. f4 {1-0 (55) Koerber,H (1548)-Muehlnikel,K (1707) Fuerth 2001}) 3. f4 Nc6 4. Bb5 $146 (4. Nf3 g6 5. Bb5 {½-½ (22) Mokrys,C (2486)-Pepene,G (2477) ICCF email 2015}) 4... Bd7 5. Nf3 g6 6. O-O Bg7 7. d3 (7. Bxc6 Bxc6 8. d3 {½-½ (22) Mokrys,C (2486)-Pepene,G (2477) ICCF email 2015}) ({Predecessor:} 7. Bxc6 Bxc6 8. d3 {1-0 (55) Koerber,H (1548)-Muehlnikel,K (1707) Fuerth 2001}) 7... e6 8. Bxc6 Bxc6 9. Qe1 Ne7 {B23: Closed Sicilian: Lines without g3} 10. b3 O-O 11. Bb2 b5 {The position is equal.} (11... b6 12. Nd1 f6 13. Ne3 Qc7 14. Rc1 Bb7 15. Qh4 d5 16. Ng4 d4 17. Nh6+ Bxh6 18. Qxh6 Nc6 19. Rf2 Qe7 20. a3 a5 21. a4 Rae8 22. Re1 {½-½ (22) Mokrys,C (2486)-Pepene,G (2477) ICCF email 2015}) 12. Nd1 Bxb2 13. Nxb2 f6 ({Predecessor:} 13... Kg7 14. Qg3 f5 15. e5 d5 16. Qh4 h6 17. d4 {1-0 (55) Koerber,H (1548)-Muehlnikel,K (1707) Fuerth 2001}) 14. Nd1 e5 15. fxe5 dxe5 16. Ne3 Qd6 17. Qg3 Bd7 18. h3 Rad8 19. Rf2 Rf7 20. Kh1 Rdf8 21. Rd1 Be6 22. Nh2 (22. d4 $14) 22... Rg7 23. Nhg4 Bxg4 $1 24. Nxg4 {Threatens to win with Rdf1.} h5 $1 {[%cal Rh5g4]} 25. Ne3 f5 26. exf5 gxf5 27. Qf3 $1 f4 28. Nf1 $1 Rf5 ({Black should try} 28... Qd4 $11) 29. c3 Qd5 30. Qe4 {[#]} c4 $1 {[%mdl 512]} 31. Qxd5+ (31. bxc4 bxc4) 31... Nxd5 32. dxc4 Nxc3 33. Rd8+ Kh7 34. Ne3 (34. cxb5 $11 {keeps the balance.} e4 35. Re8) 34... Rff7 $17 35. Nd5 Ne4 36. Rf3 bxc4 37. bxc4 Ng5 38. Rf1 f3 39. gxf3 Nxf3 (39... Rxf3 $17 40. Rxf3 Nxf3) 40. Rd6 $1 $14 {Black must now prevent c5.} Rg6 41. c5 Rxd6 $1 42. cxd6 {[%mdl 4096] Endgame KRN-KRN} Kg7 43. Ne7 Nd4 44. Rg1+ Kh7 45. Rg5 Rf2 $1 {( -> ...Nf3)} 46. Kg1 (46. Rxe5 {is a self mate.} Nf3 47. Rxh5+ Kg7 48. Nf5+ Kf6 49. Rh6+ Ke5 50. Re6+ Kxf5 51. Rf6+ Kxf6 52. d7 Rh2#) 46... Rd2 {aiming for ...Nf3+.} 47. Kf1 e4 $2 {[%mdl 8192]} ({Better is} 47... Nf3 $14 48. Rxh5+ Kg7) 48. Rxh5+ $18 Kg7 {[#] ...e3 is the strong threat.} 49. Rd5 $1 Kf7 {[#] And now ...e3 would win.} 50. Nc6 $1 {[%mdl 512]} Rd1+ (50... Nxc6 51. Rxd2) 51. Kf2 e3+ 52. Kxe3 Nc2+ 53. Ke4 Re1+ 54. Kf3 Ke6 {[#]} 55. d7 $1 {[%mdl 512]} Re3+ 56. Kf4 {White mates.} Kxd5 57. d8=Q+ Kxc6 58. Qc8+ Kd6 59. Qxc2 Rxh3 60. Qg6+ Kd5 {Accuracy: White = 69%, Black = 50%.} 1-0

[Event "Marienbad Open-A2 2019"]
[Site "Marianske Lazne"]
[Date "2019.01.21"]
[Round "3"]
[White "Gungl, Theo"]
[Black "Kriebel, Tadeas"]
[Result "1/2-1/2"]
[WhiteElo "2368"]
[BlackElo "2519"]
[Annotator "ChessBase"]
[PlyCount "68"]
[EventDate "2019.01.17"]
[EventType "tourn"]
[EventCountry "CZE"]
[SourceTitle "playchess.com"]
[Source "ChessBase"]
[SourceQuality "1"]
[TimeControl "40/5400+30:1800+30"]

1. e4 {[%emt 0:00:00]} e5 {[%emt 0:00:00]} 2. Nf3 {[%emt 0:00:00]} Nc6 {[%emt 0:00:00]} 3. Bb5 {[%emt 0:00:00]} a6 {[%emt 0:00:00]} 4. Bxc6 {[%emt 0:00:00]} dxc6 {[%emt 0:00:00]} 5. O-O {[%emt 0:00:00]} Be7 {[%emt 0:00:17]} 6. d3 {[%emt 0:20:19]} f6 {[%emt 0:00:28]} 7. Be3 {[%emt 0:01:31]} Bg4 {[%emt 0:00:23]} 8. Nbd2 {[%emt 0:00:17]} Qd7 {[%emt 0:00:48]} 9. Rb1 {[%emt 0:06:41]} c5 {[%emt 0:06:12]} 10. a3 {[%emt 0:00:58]} a5 {[%emt 0:00:41]} 11. Qe2 {[%emt 0:06:20]} Bd6 {[%emt 0:00:48]} 12. h3 {[%emt 0:11:46]} Bh5 {[%emt 0:06:34]} 13. Rfe1 {[%emt 0:00:49]} Bf7 {[%emt 0:04:57]} 14. c3 {[%emt 0:01:27]} Ne7 {[%emt 0:02:42]} 15. d4 {[%emt 0:00:52]} cxd4 {[%emt 0:01:32]} 16. cxd4 {[%emt 0:00:01]} exd4 {[%emt 0:07:53]} 17. Nxd4 {[%emt 0:07:48]} O-O {[%emt 0:02:06]} 18. Nc4 {[%emt 0:07:02]} Bc5 {[%emt 0:01:10]} 19. Nf5 {[%emt 0:03:23]} Nxf5 {[%emt 0:04:41]} 20. Bxc5 {[%emt 0:00:16]} Rfe8 {[%emt 0:00:12]} 21. Ne3 {[%emt 0:09:25]} Nxe3 {[%emt 0:02:36]} 22. Qxe3 {[%emt 0:01:57]} Rad8 {[%emt 0:00:12]} 23. Qf4 {[%emt 0:04:16]} b6 {[%emt 0:04:48]} 24. Be3 {[%emt 0:00:07]} a4 {[%emt 0:00:33]} 25. f3 {[%emt 0:02:37]} c5 {[%emt 0:00:52]} 26. Qg3 {[%emt 0:01:08]} Bb3 {[%emt 0:02:39]} 27. Qf2 {[%emt 0:00:40]} Qe6 {[%emt 0:06:09]} 28. Re2 {[%emt 0:03:10]} Rd3 {[%emt 0:02:01]} 29. Rbe1 {[%emt 0:04:12]} Red8 {[%emt 0:00:34]} 30. Rd2 {[%emt 0:00:25]} Qe5 {[%emt 0:02:39]} 31. Ree2 {[%emt 0:02:54]} h6 {[%emt 0:09:49]} 32. Rxd3 {[%emt 0:00:10]} Rxd3 {[%emt 0:00:07]} 33. Rd2 {[%emt 0:00:07]} Qd6 {[%emt 0:00:39]} 34. Rxd3 {[%emt 0:00:48]} Qxd3 {[%emt 0:00:05]} 1/2-1/2

[Event "Marienbad Open-A2 2019"]
[Site "Marianske Lazne"]
[Date "2019.01.21"]
[Round "3"]
[White "Yeritsyan, Aram"]
[Black "Kulkarni, Bhakti"]
[Result "0-1"]
[WhiteElo "2349"]
[BlackElo "2303"]
[Annotator "ChessBase"]
[PlyCount "71"]
[EventDate "2019.01.17"]
[EventType "tourn"]
[EventCountry "CZE"]
[SourceTitle "playchess.com"]
[Source "ChessBase"]
[SourceQuality "1"]
[TimeControl "40/5400+30:1800+30"]

1. e4 e5 {[%emt 0:05:43]} 2. Nf3 {[%emt 0:00:00]} Nc6 {[%emt 0:00:57]} 3. Nc3 {[%emt 0:00:07]} Nf6 {[%emt 0:01:12]} 4. Be2 {[%emt 0:00:05]} Be7 {[%emt 0:03:17]} 5. O-O {[%emt 0:02:02]} O-O {[%emt 0:01:54]} 6. d4 {[%emt 0:00:04]} exd4 {[%emt 0:01:59]} 7. Nxd4 {[%emt 0:00:04]} d6 {[%emt 0:06:15]} 8. Bf4 {[%emt 0:00:53]} Ne5 {[%emt 0:01:37]} 9. Bg3 {[%emt 0:04:39]} Re8 {[%emt 0:01:24]} 10. f4 {[%emt 0:00:21]} Ng6 {[%emt 0:00:49]} 11. Bf3 {[%emt 0:06:13]} Bf8 {[%emt 0:01:44]} 12. Qd2 {[%emt 0:03:25]} c6 {[%emt 0:05:51]} 13. Rae1 {[%emt 0:00:57]} Bg4 {[%emt 0:09:08]} 14. Bxg4 {[%emt 0:12:53]} Nxg4 {[%emt 0:00:04]} 15. Kh1 {[%emt 0:00:03]} Qb6 {[%emt 0:02:40]} 16. Nb3 {[%emt 0:17:13]} Rad8 {[%emt 0:03:15]} 17. h3 {[%emt 0:00:51]} Nf6 {[%emt 0:00:18]} 18. Bf2 {[%emt 0:01:08]} Qc7 {[%emt 0:00:33]} 19. a4 {[%emt 0:07:04]} d5 {[%emt 0:09:36]} 20. e5 {[%emt 0:00:41]} Nd7 {[%emt 0:00:39]} 21. Nd4 {[%emt 0:03:28]} Nb6 {[%emt 0:07:41]} 22. Bg3 {[%emt 0:06:07]} Nc4 23. Qc1 {[%emt 0:01:15]} Bc5 {[%emt 0:06:00]} 24. Nf5 {[%emt 0:09:03]} Qc8 {[%emt 0:03:54]} 25. Nh4 {[%emt 0:01:56]} Be3 {[%emt 0:01:11]} 26. Rxe3 {[%emt 0:09:40]} Nxe3 {[%emt 0:00:11]} 27. Qxe3 {[%emt 0:03:00]} d4 {[%emt 0:00:45]} 28. Qe4 dxc3 29. bxc3 {[%emt 0:01:37]} Nxh4 {[%emt 0:01:51]} 30. Bxh4 {[%emt 0:00:04]} Rd5 {[%emt 0:02:39]} 31. Qe3 {[%emt 0:04:08]} Ra5 {[%emt 0:01:33]} 32. Qd4 {[%emt 0:00:47]} Qe6 {[%emt 0:01:30]} 33. Bg3 {[%emt 0:02:03]} Qd5 {[%emt 0:03:20]} 34. Qb4 {[%emt 0:00:19]} Rc5 {[%emt 0:02:30]} 35. Qxb7 {[%emt 0:02:22]} Rxc3 {[%emt 0:00:09]} 36. Rf2 {[%emt 0:00:09]} 0-1

[Event "Marienbad Open-A2 2019"]
[Site "Marianske Lazne"]
[Date "2019.01.22"]
[Round "4"]
[White "Kovalev, Andrei"]
[Black "Gungl, Theo"]
[Result "0-1"]
[WhiteElo "2520"]
[BlackElo "2368"]
[Annotator "RC"]
[PlyCount "90"]
[EventDate "2019.01.17"]
[EventType "tourn"]
[EventCountry "CZE"]
[SourceTitle "playchess.com"]
[Source "ChessBase"]
[SourceQuality "1"]
[TimeControl "40/5400+30:1800+30"]

1. e4 {[%emt 0:00:34]} c5 {[%emt 0:00:00]} 2. Nc3 {[%emt 0:00:24]} d6 {[%emt 0:00:00]} 3. Nf3 {[%emt 0:00:11]} Nf6 {[%emt 0:00:00]} 4. d4 {[%emt 0:00:16]} cxd4 {[%emt 0:00:02]} 5. Nxd4 {[%emt 0:00:03]} a6 {[%emt 0:00:04]} 6. g3 {[%emt 0:00:20]} e6 {[%emt 0:00:23]} 7. Bg2 {[%emt 0:00:05]} Qc7 {[%emt 0:00:32]} 8. O-O {[%emt 0:00:15]} Nc6 {[%emt 0:01:09]} 9. Nxc6 {[%emt 0:00:08]} bxc6 {[%emt 0:00:20]} 10. Na4 Bb7 {[%emt 0:09:53]} 11. c4 {[%emt 0:01:21]} c5 {[%emt 0:06:23]} 12. Qe2 {[%emt 0:00:05]} Be7 {[%emt 0:10:54]} 13. b3 {[%emt 0:01:38]} Bc6 {[%emt 0:04:51]} 14. Nc3 {[%emt 0:07:07]} O-O {[%emt 0:01:52]} 15. Bb2 {[%emt 0:00:20]} Nd7 {[%emt 0:05:38]} 16. Nd5 {[%emt 0:09:09]} Bxd5 {[%emt 0:00:31]} 17. exd5 {[%emt 0:01:39]} e5 {[%emt 0:00:11]} 18. Bh3 {[%emt 0:05:32]} Rae8 {[%emt 0:24:36]} 19. Rae1 {[%emt 0:00:18]} Qd8 {[%emt 0:13:43]} 20. Bc3 {[%emt 0:03:14]} g6 {[%emt 0:02:43]} 21. Qb2 {[%emt 0:21:13]} f5 {[%emt 0:01:19]} 22. Re2 {[%emt 0:03:51]} Bf6 {[%emt 0:00:27]} 23. f3 {[%emt 0:00:17]} Qc7 {[%emt 0:04:04]} 24. Kh1 {[%emt 0:02:51]} Kg7 {[%emt 0:01:37]} 25. Rfe1 {[%emt 0:01:11]} Re7 {[%emt 0:02:29]} 26. Rg1 {[%emt 0:05:57]} Kg8 {[%emt 0:05:01]} 27. g4 {[%emt 0:02:33]} fxg4 {[%emt 0:00:09]} 28. Bxg4 {[%emt 0:00:26]} Bg7 {[%emt 0:01:21]} 29. Qd2 {[%emt 0:18:26]} Nf6 {[%emt 0:02:27]} 30. Be6+ {[%emt 0:00:11]} Kh8 {[%emt 0:00:04]} 31. f4 {[%emt 0:02:13]} exf4 {[%emt 0:00:46]} 32. Qxf4 {[%emt 0:00:50]} Nd7 {[%emt 0:00:23]} 33. Qh4 {[%emt 0:02:36]} Ne5 {[%emt 0:00:12]} 34. Bxe5 {[%emt 0:02:37]} Bxe5 {[%emt 0:00:01]} 35. Rxg6 {[%emt 0:01:03]} Rg7 {[%emt 0:00:10]} 36. Rg4 {[%emt 0:01:07]} Bd4 {[%emt 0:01:41]} 37. h3 {[%emt 0:02:41]} a5 {[%emt 0:01:39]} 38. Bf5 {[%emt 0:01:49]} Qf7 {[%emt 0:00:22]} 39. Rxg7 {[%emt 0:00:53]} Qxg7 {[%emt 0:00:04]} 40. Bg4 {[%emt 0:02:35]} Qf7 {[%emt 0:00:08]} 41. Qe1 {[%emt 0:11:02]} h5 {[%emt 0:00:19]} 42. Be6 {[%emt 0:07:08]} Qf3+ {[%emt 0:00:49]} 43. Kh2 {[%emt 0:00:11]} Bc3 {[%emt 0:07:16]} 44. Qd1 {[%emt 0:01:41]} Be5+ {[%emt 0:00:21]} 45. Kg1 {[%emt 0:00:08]} Rf6 {[%emt 0:00:09]} 0-1

[Event "Marienbad Open-A2 2019"]
[Site "Marianske Lazne"]
[Date "2019.01.22"]
[Round "4"]
[White "Kriebel, Tadeas"]
[Black "Simacek, Pavel"]
[Result "1-0"]
[WhiteElo "2519"]
[BlackElo "2481"]
[Annotator "TA"]
[PlyCount "75"]
[EventDate "2019.01.17"]
[EventType "tourn"]
[EventCountry "CZE"]
[SourceTitle "playchess.com"]
[Source "ChessBase"]
[SourceQuality "1"]

{[%evp 35,75,0,0,0,22,22,22,22,23,29,35,30,31,28,28,28,35,12,25,32,30,27,36,48,40,14,12,9,130,139,132,134,140,138,467,462,29963,29960,29953,29950,12837,5607]} 1. e4 e5 2. Nf3 Nc6 3. Bb5 a6 4. Ba4 Nf6 5. O-O Nxe4 6. d4 b5 7. Bb3 d5 8. dxe5 Be6 9. Qe2 Be7 10. Rd1 O-O 11. c4 bxc4 12. Bxc4 Bc5 13. Be3 Bxe3 14. Qxe3 Qb8 15. Bb3 Qb6 16. Qxb6 {C81: Open Ruy Lopez: Keres Variation (9 Qe2)} cxb6 17. Na3 {[%cal Bb1a3,Ba3c2,Bc2b4,Bb4c6][%mdl 32]} Rfd8 18. Nc2 Na5 {LiveBook: 6 Games} 19. Nb4 {[%cal Rb3d5] [#]} Nxb3 $146 ({Predecessor:} 19... Nc4 20. Rab1 Nc5 21. Nc6 Re8 22. Nfd4 Rac8 23. h3 Bd7 {½-½ (74) Giri,A (2767)-Papp,G (2587) Novi Sad 2016}) 20. axb3 a5 21. Nc6 Re8 22. b4 {[%cal Rb4a5]} Bd7 23. Rac1 Rac8 24. b5 Nc5 25. Nfd4 g6 26. b4 axb4 27. Nxb4 Rxe5 28. f4 $36 {[%mdl 2048] White is pushing.} Rh5 {[#]} 29. f5 $1 {[%mdl 512]} Ne4 (29... Bxf5 30. Nxd5) 30. Rxc8+ (30. Nxd5 {looks sharper.} Rxc1 31. Rxc1 Bxf5 32. Nxb6 Be6 33. Na4) 30... Bxc8 31. Nxd5 {Hoping for Ne7+.} Bxf5 (31... Kg7 $11 {keeps the balance.}) 32. Nxf5 $16 ({Of course not} 32. Nxb6 $6 Be6 $11) 32... gxf5 33. Nxb6 $14 {Strongly threatening Nd7. KRN-KRN} Nc3 {[#]} 34. Nd5 $1 Nxd1 $4 {[%mdl 8192]} (34... Nxd5 $16 {is tougher.} 35. Rxd5 Rh4) 35. b6 $18 {[%cal Bb5b6,Bb6b7][%mdl 32]} Nc3 (35... Kg7 $18) 36. Nf6+ Kf8 37. b7 Ne2+ 38. Kf2 {Accuracy: White = 81%, Black = 40%.} 1-0